000 00564nam a22001697a 4500
003 UA-OsUOA
001 20012
007 ta
008 20041013b un ||||| |||| 00| 0 ukr d
942 _cSA
040 _aUA-OsUOA
_cUA-OsUOA
_dUA-OsUOA
245 _a10 років довіри
_b[Про роботу Бізнес-довідки, яка відзначає свій 10-річний ювілей]
300 _aС.4
955 _a0
773 0 _w0
_tВісті Рівненщини
_dРівне
_d2004
_g№91/92/1 жовт./
650 7 _aБізнес-довідка
_2UDC
999 _c306185
_d306185